L'étude du marché et de la promotion des ventes par les techniques d'Auto-organisation

Saved in:
Bibliografiske detaljer
Hovedforfatter: Moisson, Marcel (autor)
Format: Bog
Sprog:fransk
Udgivet: París D'Organisation 1965
Serier:Pratique de...
Fag:
Tags: Tilføj Tag
Ingen Tags, Vær først til at tagge denne postø!

MARC

LEADER 00000nam a2200000 a 4500
001 UCQ1845
003 CL-VaPUC
008 980721e19650000FR |||||||||||||||||fre|d
082 0 4 |a 658.83  |b MOI  |2 21 
100 |a Moisson, Marcel  |e autor  |9 415745 
245 1 2 |a L'étude du marché et de la promotion des ventes par les techniques d'Auto-organisation 
300 |a 142 p 
942 |c BK 
945 |d 19980721 00:00:00  |a cmena 
260 |a París  |b D'Organisation  |c 1965 
650 0 |a Investigación de mercado  |9 332310 
650 0 |a Marketing  |9 259324 
650 7 |a PRODUCTOS  |2 CL-VaPUC  |9 338640 
650 0 |a Publicidad  |9 314572 
650 0 |a Consumidores  |9 315658 
650 7 |a PLANIFICACION Y CONTROL  |2 CL-VaPUC  |9 415746 
650 0 |a Ventas  |9 259323 
583 |a last modification  |c 19980721 00:00:00  |k Rodrigo Vera 
490 0 |a Pratique de... 
999 |c 272689  |d 272687 
952 |0 0  |1 0  |4 0  |6 658_830000000000000_MOI_1965  |7 0  |8 A  |9 307810  |a BIBGIM  |b BIBGIM  |d 2019-11-20  |i 1441698  |o 658.83 MOI 1965  |p 1441698  |r 2025-01-15  |w 2019-11-20  |y BK  |k COM